书目信息 |
| 题名: |
计算机基础知识与上机指导
|
|
| 作者: | 吴清萍 , 左喜林 编著 | |
| 分册: | ||
| 出版信息: | 北京 清华大学出版社 1997.02 |
|
| 页数: | 202页 | |
| 开本: | 16开 | |
| 丛书名: | ||
| 单 册: | ||
| 中图分类: | TP30 | |
| 科图分类: | ||
| 主题词: | 计算技术 , 电子计算机 | |
| 电子资源: | ||
| ISBN: | 7-302-02403-0 | |
| 000 | 00650nam0 2200217 45 | |
| 001 | 0006261793 | |
| 005 | 20000626171109.1 | |
| 010 | @a7-302-02403-0@d14.00元 | |
| 100 | @a20000626d1997 km y0chiy0120 ea | |
| 101 | 0 | @achi |
| 105 | @a z 000yy | |
| 200 | 1 | @a计算机基础知识与上机指导@AJi Suan Ji Ji Chu Zhi Shi Yu Shang Ji Zhi Dao@f吴清萍,左喜林编著@FWu Qing Ping,Zuo Xi Lin Bian Zhu |
| 210 | @a北京@c清华大学出版社@d1997.02 | |
| 215 | @a202页@d16开 | |
| 606 | 0 | @a计算技术 |
| 606 | 0 | @a电子计算机 |
| 690 | @aTP30@v3 | |
| 701 | 0 | @a吴清萍@4编著 |
| 701 | 0 | @a左喜林@4编著 |
| 801 | @aCN@bPftUser@c20000626 | |
| 905 | @b60302-306@dTP30@eW692@f5 | |
| 计算机基础知识与上机指导/吴清萍,左喜林编著.-北京:清华大学出版社,1997.02 |
| 202页;16开 |
| ISBN 7-302-02403-0:14.00元 |
| ● |
| 相关链接 |
|
|
|
正题名:计算机基础知识与上机指导
索取号:TP30/W692
 
预约/预借
| 序号 | 登录号 | 条形码 | 馆藏地/架位号 | 状态 | 备注 |
| 1 | 60302 | 200603025 | 自科库301/504自科库 16排2列6层/ [索取号:TP30/W692] | 在馆 | |
| 2 | 60303 | 200603034 | 自科二线504/504自科库 5排3列1层/ [索取号:TP30/W692] | 在馆 | |
| 3 | 60304 | 200603043 | 自科二线400A/400A自科库 5排2列2层/ [索取号:TP30/W692] | 在馆 | |
| 4 | 60305 | 200603052 | 自科二线504/504自科库 3排4列2层/ [索取号:TP30/W692] | 在馆 | |
| 5 | 60306 | 200603061 | 自科二线400A/400A自科库 5排2列2层/ [索取号:TP30/W692] | 在馆 |